| 000 | 00700nam a2200157 a 4500 | ||
|---|---|---|---|
| 008 | 120416s1972 ||||||||||||||||| || u | ||
| 050 | _aHF 5549.5.R44 Jac | ||
| 100 | _aJackson, Matthew | ||
| 245 | 1 | 0 | _aRecruiting, interviewing, and selecting |
| 246 | _aa manual for line managers | ||
| 260 |
_aLondon _bMcGraw-Hill _c1972 |
||
| 300 | _avi, 158p. : ill. | ||
| 350 | _a0.00 | ||
| 995 |
_aMAIN LIBRARY OPEN ACCESS _D0.00 _e005381 _FCBU-MAIN LIBRARY (Kitwe) _H2 _I3.65 _jHF 5549.5.R44 Jac _UAVAILABLE _y005381 _ZMain Library Open Access Collection |
||
| 995 |
_aMAIN LIBRARY OPEN ACCESS _D0.00 _e005380 _FCBU-MAIN LIBRARY (Kitwe) _H1 _I3.65 _jHF 5549.5.R44 Jac _UAVAILABLE _y005380 _ZMain Library Open Access Collection |
||
| 999 |
_c80007 _d80007 |
||